=LDR 00000nam 2200000 4500 =001 INLIS000000000003827 =005 20130612092129 =008 ***********************************Ind** =035 ##$$0010-061300000003827 =041 ##$$a Ind =082 ##$$a 510 =090 ##$$a 510, Kom m =100 ##$$a Komar, Badrul =245 ##$$a Matematika pada zaman purba, Drs.Badrul Komar =260 ##$$a 1986 $b Bandung =300 ##$$a v, 125 hlm., ilus., 21 cm =650 ##$$a Matematika =650 ##$$a Sejarah =850 ##$$a NBPNMAT